000 00721nam a22002177a 4500
999 _c229
_d229
003 BD-JhCC
005 20171002174539.0
008 171002s2003 bg |||| ||a| 000 0 ben d
020 _a9844850800
035 _a(BD-JhCC)
040 _aBD-JhCC
_dBD-JhCC
041 _abook
082 _a891.443
_bSRD 2003
100 _aসরদার, শফীউদ্দীন
245 _aরোহিনী নদীর তীরে /
_cশফীউদ্দীন সরকার
260 _aঢাকাঃ
_bবাংলা সাহিত্য পরিষদ প্রকাশনী,
_c২০০৩
300 _a১৫৮ পৃ.:
_c22 Cm.
651 _aBangladesh
_xBengali Novel
942 _2ddc
_cBK